| 000 | 01170pam a2200229 a 4500 | ||
|---|---|---|---|
| 999 |
_c5584 _d5584 |
||
| 020 | _a0521404851 (hc) | ||
| 020 | _a052140665X (pbk.) | ||
| 022 | _a9780521406659 | ||
| 050 | 0 | 0 |
_aRC451.4.M47 _bE44 |
| 100 | 1 | _aEmerson, Eric, | |
| 245 | 1 | 0 |
_aChallenging behaviour : _banalysis and intervention in people with learning disabilities / _cEric Emerson. |
| 260 |
_aCambridge ; _aNew York, NY, USA : _bCambridge University Press, _c1995. |
||
| 300 |
_ax, 233 p. : _bill. ; _c26 cm. |
||
| 500 | _aIncludes bibliographical references and index. | ||
| 505 | _a1. Introduction 1 2. The context of challenging behaviour 9 3. Epidemiology 19 4. Models and theories 31 5. The bases of intervention 67 6. Approaches to assessment 79 7. Behavioural approaches 117 8. Psychopharmaclolgy 152 9. Longer-Term management 161 10. Challenges ahead 174 References 187 Index 227 | ||
| 650 | 0 |
_aPeople with mental disabilities _xMental health. |
|
| 650 | 0 |
_aPeople with mental disabilities _xBehavior modification. |
|
| 650 | 1 | 2 | _aSocial Behavior Disorders. |
| 650 | 1 | 2 | _aLearning Disorders. |
| 650 | 2 | 2 | _aMental Disorders. |
| 942 | _cBK | ||